书目信息 |
| 题名: |
骇世黑客
|
|
| 作者: | 余开亮 , 张兵 编著 | |
| 分册: | ||
| 出版信息: | 北京 中国华侨出版社 2000.05 |
|
| 页数: | 391页 | |
| 开本: | 32开 | |
| 丛书名: | ||
| 单 册: | ||
| 中图分类: | TP393.08 | |
| 科图分类: | ||
| 主题词: | 计算机应用 | |
| 电子资源: | ||
| ISBN: | 7-80120-417-4 | |
| 000 | 00581nam0 2200205 45 | |
| 001 | 0010281027 | |
| 005 | 20010412094830.0 | |
| 010 | @a7-80120-417-4@d19.60元 | |
| 100 | @a20001028d2000 km y0chiy0120 ea | |
| 101 | 0 | @achi |
| 105 | @a z 000yy | |
| 200 | 1 | @a骇世黑客@AHai Shi Hei Ke@f余开亮,张兵编著@FYu Kai Liang,Zhang Bing Bian Zhu |
| 210 | @a北京@c中国华侨出版社@d2000.05 | |
| 215 | @a391页@d32开 | |
| 606 | 0 | @a计算机应用 |
| 690 | @aTP393.08@v3 | |
| 701 | 0 | @a余开亮@4编著 |
| 701 | 0 | @a张兵@4编著 |
| 801 | @aCN@bPftUser@c20001028 | |
| 905 | @dTP393.08@eY452@b337891-893@f3 | |
| 骇世黑客/余开亮,张兵编著.-北京:中国华侨出版社,2000.05 |
| 391页;32开 |
| ISBN 7-80120-417-4:19.60元 |
| ● |
| 相关链接 |
|
|
|
正题名:骇世黑客
索取号:TP393.08/Y452
 
预约/预借
| 序号 | 登录号 | 条形码 | 馆藏地/架位号 | 状态 | 备注 |
| 1 | 337891 | 203378914 | 自科库301/ [索取号:TP393.08/Y452] | 在馆 | |
| 2 | 337892 | 203378923 | 自科二线400A/400A自科库 6排2列4层/ [索取号:TP393.08/Y452] | 在馆 | |
| 3 | 337893 | 203378932 | 自科库301/301自科库 123排1列4层/ [索取号:TP393.08/Y452] | 在馆 |